000
00327nam a22001337a 4500
020
_a
978-81-272-3991-6
041
_a
ENG
100
_a
Pandey.P.H
245
_a
Principles & Practices of Post Harvest Technology
260
_a
New Delhi
_b
Kalyant Publishers
_c
2016
300
_a
539
650
_a
APE ( 02 )
856
_u
APE ( 02 )
999
_c
62
_d
62